00380nam a2200157Ia 4500008004100000020001500041041001200056082001100068100001900079245005200098250000800150260002500158300000800183650001500191700001600206221030s9999 xx 000 0 und d a0070701403 aEnglish a105.23 aV. L. Streeter 0aFluid Mechanicscby V. L. Streeter, E. B. Wylie a9th bTMHaNew Delhic2011 a740 aMechanical aE. B. Wylie